Taxmann's Insolvency and Bankruptcy Code with Rules and Regulations/ (Record no. 208037)

MARC details
000 -LEADER
fixed length control field 00676nam a22001937a 4500
005 - DATE AND TIME OF LATEST TRANSACTION
control field 20250103163346.0
010 ## - LCCN (DPL NO)
LC control number ENG-143182
020 ## - INTERNATIONAL STANDARD BOOK NUMBER
International Standard Book Number 9789356223660
Terms of availability 1095.00
035 ## - SYSTEM CONTROL NUMBER
System control number EN-126714
037 ## - SOURCE OF ACQUISITION
Source of stock number/acquisition DBAD
082 ## - DEWEY DECIMAL CLASSIFICATION NUMBER
Classification number 346.54066
100 ## - MAIN ENTRY--PERSONAL NAME
Personal name Singhania, Vinod K.
245 ## - TITLE STATEMENT
Title Taxmann's Insolvency and Bankruptcy Code with Rules and Regulations/
Remainder of title By Taxmann
250 ## - EDITION STATEMENT
Edition statement 6
260 ## - PUBLICATION, DISTRIBUTION, ETC. (IMPRINT)
Place of publication, distribution, etc New Delhi
Name of publisher, distributor, etc Taxmann Publications
Date of publication, distribution, etc 2022
300 ## - PHYSICAL DESCRIPTION
Extent vpp.
Dimensions 24cm(Pb)
500 ## - GENERAL NOTE
General note Amended, Updated & Annotated text of the IBC with 15+ Rules/Regulations, Notifications, RBI Directions, etc. (Paperback, Taxmann)
942 ## - ADDED ENTRY ELEMENTS (KOHA)
Source of classification or shelving scheme Dewey Decimal Classification
Item type English Books
Classification part 346.54066
Call number suffix INS
Holdings
Withdrawn status Lost status Not for loan Collection code Home library Current library Date acquired Source of acquisition Cost, normal purchase price Full call number Barcode Copy number Cost, replacement price Koha item type
    Not For Loan Non-fiction Kadipur Kadipur 03/01/2025 Delivery of Books Division 1095.00 346.54066 INS EN-126714 1 1095.00 English Books

© Delhi Public Library
Hit Counter
free hit counter